Confianza y derecho en America Latina /
El documento consiste en una investigación que analiza como en América Latina se tiene confianza o no en los entes gubernamentales y cuáles podrían ser las causas, así como posibles soluciones para mejorar el panorama existente.
Đã lưu trong:
| Tác giả chính: | |
|---|---|
| Tác giả khác: | |
| Định dạng: | Không biết |
| Ngôn ngữ: | Spanish |
| Được phát hành: |
México :
FCE;CIDE
2009
|
| Những chủ đề: | |
| Các nhãn: |
Thêm thẻ
Không có thẻ, Là người đầu tiên thẻ bản ghi này!
|
MARC
| LEADER | 00000 a2200000 04500 | ||
|---|---|---|---|
| 001 | 41931 | ||
| 003 | cru CIDCACS/IIS | ||
| 005 | 20230707085932.0 | ||
| 008 | 050701s2009 mx spa d | ||
| 020 | |a 978-607-16-0052-3 | ||
| 040 | |c cruCIDCACS/IIS | ||
| 090 | |a 04.03.02 B493c | ||
| 100 | |a Bergman, Marcelo, Coordinador | ||
| 245 | |a Confianza y derecho en America Latina / |c Marcelo Bergman; Carlos Rosenkrantz, coordinadores | ||
| 260 | |a México : |b FCE;CIDE |c 2009 | ||
| 300 | |a 299 págians | ||
| 500 | |a Fotocopia | ||
| 520 | |a El documento consiste en una investigación que analiza como en América Latina se tiene confianza o no en los entes gubernamentales y cuáles podrían ser las causas, así como posibles soluciones para mejorar el panorama existente. | ||
| 650 | 0 | |a ADMINISTRACION DE JUSTICIA |9 524 | |
| 650 | 0 | |a DERECHO CONSTITUCIONAL |9 5260 | |
| 650 | 0 | |a VALORES SOCIALES |9 1133 | |
| 651 | 0 | |9 17 |a AMERICA LATINA | |
| 700 | |a Rosenkrantz, Carlos, coordinador | ||
| 942 | |2 z |c LI |h 04.03.02 B493c |i 13541 |6 040302_B493C_13541 | ||
| 999 | |c 8572 |d 8572 | ||



